000 00493nam a2200181Ia 4500
001 10238
003 GE_BSU
008 181216s||||||||xx |||||||||||||| ||und||
040 _cGE_BSU
245 _aКлиническая медицина.Том 92. №4 2014.
245 _cГл. ред. В.Б.Симоненко.
260 _aМосква
260 _bМедицина
260 _c2014
300 _a80стр.29см.
653 _aКлиническая медицина
942 _cCR
999 _c43507
_d43507